[Event "Pardubice Region-chT 2223"]
[Site "Czech Republic"]
[Date "2023.03.19"]
[Round "10.6"]
[White "Jezek, Jakub"]
[Black "Vesely, Emanuel"]
[Result "1/2-1/2"]
[WhiteElo "1770"]
[BlackElo "1774"]
[PlyCount "66"]
[EventDate "2022.10.09"]
[EventType "team-tourn"]
[EventRounds "11"]
[EventCountry "CZE"]
[SourceTitle "EXT 2024"]
[Source "ChessBase"]
[SourceDate "2023.10.10"]
[SourceVersion "1"]
[SourceVersionDate "2023.10.10"]
[SourceQuality "1"]

1. e4 e5 2. Nf3 Nc6 3. Bc4 Nf6 4. d4 exd4 5. 0-0 Nxe4 6. Re1 d5 7. Bxd5 Qxd5 8. Nc3 Qd7 9. Nxe4 Be7 10. Bg5 0-0 11. Bxe7 Qxe7 12. Nxd4 Bd7 13. Nb3 Rae8 14. Qd2 Bc8 15. Nc3 Be6 16. Qf4 Rd8 17. Nb5 Qb4 18. Qxb4 Nxb4 19. Rec1 c6 20. N5d4 Bxb3 21. Nxb3 Rfe8 22. a3 Nd5 23. Re1 Kf8 24. Kf1 Rxe1+ 25. Rxe1 b6 26. g3 c5 27. c4 Nf6 28. Re2 Rd3 29. Nd2 Rd4 30. Ke1 Rd7 31. h3 Re7 32. Rxe7 Kxe7 33. Ke2 Ke6 1/2-1/2

[Event "Pardubice Region-chT 2223"]
[Site "Czech Republic"]
[Date "2022.10.09"]
[Round "1.4"]
[White "Petrik, Peter"]
[Black "Vesely, Emanuel"]
[Result "0-1"]
[WhiteElo "1793"]
[BlackElo "1774"]
[PlyCount "92"]
[EventDate "2022.10.09"]
[EventType "team-tourn"]
[EventRounds "11"]
[EventCountry "CZE"]
[SourceTitle "EXT 2024"]
[Source "ChessBase"]
[SourceDate "2023.10.10"]
[SourceVersion "1"]
[SourceVersionDate "2023.10.10"]
[SourceQuality "1"]

1. e4 c5 2. Nc3 Nc6 3. f4 g6 4. Nf3 Bg7 5. Bc4 e6 6. 0-0 Nge7 7. Qe1 0-0 8. d3 d5 9. Bb3 Na5 10. Nd1 c4 11. dxc4 dxc4 12. Ba4 b5 13. Qh4 bxa4 14. f5 exf5 15. Bh6 Nec6 16. Ng5 Bxh6 17. Qxh6 Qd4+ 18. Ne3 Qg7 19. Qh4 h6 20. Nf3 g5 21. Qf2 fxe4 22. Nd2 f5 23. Qe2 Be6 24. c3 Ne5 25. b3 axb3 26. axb3 Nxb3 27. Ra6 Nc5 28. Rxe6 Nxe6 29. Nxf5 Rxf5 30. Rxf5 Rf8 31. Qxe4 Rxf5 32. Qxf5 Nf4 33. Ne4 Nd7 34. Qxd7 Qxd7 35. Nf6+ Kf7 36. Nxd7 Ke6 37. Nc5+ Kd5 38. Na4 Ke4 39. g3 Nd5 40. Kf2 Kd3 41. h4 Nxc3 42. Nc5+ Kd2 43. hxg5 hxg5 44. Kf3 a5 45. Kg4 a4 46. Kxg5 a3 0-1

[Event "LSS No Engine Cup 217 Preliminary 0"]
[Site "LSS email"]
[Date "2021.05.06"]
[Round "?"]
[White "Herzog, Agnes"]
[Black "Vesely, Emanuel"]
[Result "0-1"]
[WhiteElo "2208"]
[BlackElo "1600"]
[PlyCount "52"]
[EventDate "2021.05.06"]
[EventType "tourn (corr)"]
[EventRounds "6"]
[EventCountry "GER"]
[SourceTitle "Corr 2024"]
[Source "ChessBase"]
[SourceDate "2023.10.19"]
[SourceVersion "1"]
[SourceVersionDate "2023.10.19"]
[SourceQuality "1"]

1. e4 e5 2. Nf3 Nc6 3. Bb5 Nf6 4. d3 Bc5 5. h3 Nd4 6. Nxd4 Bxd4 7. Nd2 c6 8. Ba4 0-0 9. 0-0 d5 10. exd5 Qxd5 11. Bb3 Qd6 12. c3 Bb6 13. Nc4 Qc7 14. Re1 Re8 15. Bg5 Be6 16. Bxf6 gxf6 17. Qf3 Qe7 18. Qh5 Kh8 19. d4 Rg8 20. Nxb6 axb6 21. Bc2 Rg7 22. dxe5 fxe5 23. Qxe5 Qg5 24. Qxg5 Rxg5 25. f4 Rgg8 26. Kf2 Rgd8 0-1

[Event "LSS No Engine Cup 217 Preliminary 0"]
[Site "LSS email"]
[Date "2021.05.06"]
[Round "?"]
[White "Molina, Vicente Andres"]
[Black "Vesely, Emanuel"]
[Result "0-1"]
[WhiteElo "998"]
[BlackElo "1600"]
[PlyCount "52"]
[EventDate "2021.05.06"]
[EventType "tourn (corr)"]
[EventRounds "6"]
[EventCountry "GER"]
[SourceTitle "Corr 2024"]
[Source "ChessBase"]
[SourceDate "2023.10.19"]
[SourceVersion "1"]
[SourceVersionDate "2023.10.19"]
[SourceQuality "1"]

1. e4 e5 2. Nf3 Nc6 3. Bb5 Nf6 4. d3 Bc5 5. Be3 Bxe3 6. fxe3 Ne7 7. Nc3 c6 8. Bc4 d6 9. 0-0 0-0 10. Qe1 Ng6 11. Qg3 Qb6 12. Ng5 Qxb2 13. Rab1 Qxc3 14. Bxf7+ Rxf7 15. Nxf7 Kxf7 16. h4 Nf8 17. h5 h6 18. Rf2 Qa5 19. d4 Qc7 20. dxe5 dxe5 21. Rbf1 Be6 22. Qh4 Qe7 23. g4 N8h7 24. Qg3 Bc4 25. Rd1 Ng5 26. Rf5 Re8 0-1

[Event "LSS No Engine Cup 217 Preliminary 0"]
[Site "LSS email"]
[Date "2021.05.06"]
[Round "?"]
[White "Vesely, Emanuel"]
[Black "Lonyuk, Bohdan"]
[Result "1-0"]
[WhiteElo "1600"]
[BlackElo "1779"]
[PlyCount "39"]
[EventDate "2021.05.06"]
[EventType "tourn (corr)"]
[EventRounds "6"]
[EventCountry "GER"]
[SourceTitle "Corr 2024"]
[Source "ChessBase"]
[SourceDate "2023.10.19"]
[SourceVersion "1"]
[SourceVersionDate "2023.10.19"]
[SourceQuality "1"]

1. e4 e5 2. Nf3 Nc6 3. Bc4 Bc5 4. c3 Nf6 5. d3 0-0 6. 0-0 d5 7. exd5 Nxd5 8. Re1 Bg4 9. h3 Bh5 10. Nbd2 Nb6 11. Bb3 Qxd3 12. Nxe5 Qf5 13. Nef3 Rad8 14. Qe2 Qc8 15. Qb5 Bd6 16. Qxh5 g6 17. Qh6 Rfe8 18. Ne4 Bf8 19. Nf6+ Kh8 20. Qxh7# 1-0

[Event "LSS No Engine Cup 217 Preliminary 0"]
[Site "LSS email"]
[Date "2021.05.06"]
[Round "?"]
[White "Vesely, Emanuel"]
[Black "Wilshusen, Horst"]
[Result "1-0"]
[WhiteElo "1600"]
[BlackElo "1458"]
[PlyCount "51"]
[EventDate "2021.05.06"]
[EventType "tourn (corr)"]
[EventRounds "6"]
[EventCountry "GER"]
[SourceTitle "Corr 2024"]
[Source "ChessBase"]
[SourceDate "2023.10.19"]
[SourceVersion "1"]
[SourceVersionDate "2023.10.19"]
[SourceQuality "1"]

1. e4 e6 2. d4 d5 3. exd5 exd5 4. c4 Nf6 5. Nc3 Be7 6. Nf3 0-0 7. Bd3 dxc4 8. Bxc4 c6 9. 0-0 Bg4 10. Re1 Bb4 11. Bg5 h6 12. Bxf6 Qxf6 13. Qb3 a5 14. Ne5 Bh5 15. a3 Bxc3 16. bxc3 b5 17. Bd3 Ra7 18. a4 bxa4 19. Rxa4 Re8 20. Re3 Qe6 21. Qb6 Rae7 22. Rxa5 Qc8 23. Nc4 Rxe3 24. fxe3 Qg4 25. Qb1 f6 26. Rxh5 1-0

[Event "CZE-ch Seniors 60"]
[Site "Rychnov nad Kneznou"]
[Date "2015.08.23"]
[Round "9"]
[White "Vesely, Emanuel"]
[Black "Briza, Jiri"]
[Result "0-1"]
[WhiteElo "1813"]
[BlackElo "1947"]
[PlyCount "78"]
[EventDate "2015.08.15"]
[EventType "swiss"]
[EventRounds "9"]
[EventCountry "CZE"]
[SourceTitle "EXT 2016"]
[Source "ChessBase"]
[SourceDate "2015.10.08"]
[SourceVersion "1"]
[SourceVersionDate "2015.10.08"]
[SourceQuality "1"]

1. Nf3 f5 2. d4 e6 3. g3 b6 4. Bg2 Bb7 5. 0-0 Nf6 6. c4 Be7 7. Nc3 0-0 8. Ne5 Bxg2 9. Kxg2 d6 10. Nd3 Re8 11. f3 Nbd7 12. e4 fxe4 13. fxe4 e5 14. d5 a5 15. Bg5 Nxd5 16. Nxd5 Bxg5 17. Qg4 Bh6 18. Rf3 c6 19. Nc3 Nf8 20. Raf1 Qg5 21. Qh3 Ne6 22. R1f2 Nd4 23. Rf7 Re7 24. Rxe7 Qxe7 25. Qh5 Rf8 26. Rxf8+ Qxf8 27. Nd1 g6 28. Qg4 Qf7 29. b3 Bd2 30. N1f2 Qe6 31. Qd1 Bh6 32. Ng4 Bg7 33. Ne3 h5 34. h3 Bh6 35. Nc2 a4 36. Nxd4 exd4 37. Qc2 Qxe4+ 38. Kh2 axb3 39. axb3 h4 0-1